Comunicación oral efectiva

Guardado en:
Detalles Bibliográficos
Autor principal: Verderber, Rudolph F (Autor)
Formato: Libro
Lenguaje:español
Publicado: Ciudad de México International Thomson 2000
Materias:
Etiquetas: Agregar Etiqueta
Sin Etiquetas, Sea el primero en etiquetar este registro!

MARC

LEADER 00000nam a2200000 a 4500
001 UCL3182
003 CL-VaPUC
008 031114e20000000MX |||||||||||||||||spa|d
020 |a 9706860258 
082 0 4 |a 302.224  |b VER  |2 21 
100 0 |a Verderber, Rudolph F  |e author  |9 480438 
245 1 0 |a Comunicación oral efectiva 
300 |a 368 p 
942 |c BK 
945 |d 20031114 00:00:00  |a cmena 
260 |a Ciudad de México  |b International Thomson  |c 2000 
650 0 |a Comunicación oral  |9 307769 
650 0 |a Discursos   |9 265028 
650 0 |a Gestión de la información   |9 362327 
650 0 |a Oratoria  |9 307605 
583 |a last modification  |c 20031114 00:00:00  |k Rodrigo Vera 
999 |c 306303  |d 306301 
952 |0 0  |1 0  |4 0  |6 302_224000000000000_VER_2000  |7 0  |8 A  |9 371226  |a BIBEDU  |b BIBEDU  |d 2019-11-21  |i 3962148  |l 3  |o 302.224 VER 2000  |p 3962148  |r 2024-03-08  |s 2024-03-05  |w 2019-11-21  |y BK  |k LIT